01477nam a2200445 i 450000100060000000300090000600500170001500800390003201500170007102000150008804000280010304600090013108000150014008000080015508000120016310000410017524501010021625000230031726000430034030000410038333600270042433700530045133800280050438000160053238000230054838000270057138500390059838800140063738800140065150400260066565000220069165800340071365500300074765000310077765000250080871000340083370000260086785600980089385600400099124760KOSZ 00520191219131128.0980702s1996 pl a f f |000 0 pol aPB 1996/9325 a8301111879 aWA NcWA NdKOSZ 005/HR k1993 a658.14/.17 a657 a(075.8)1 aSierpińska, Mariad(1950 -)eAutor10aOcena przedsiębiorstwa według standardów światowych /cMaria Sierpińska, Tomasz Jachna. aWyd. 2, [dodr. 3]. aWarszawa :bWydaw. Naukowe PWN,c1996. a277, [1] s. :brys., wykr. ;c21 cm. 2rdacontentaTekstbtxt 2rdamediaaBez urządzeni pośredniczącegobn 2rdacarrieraWoluminbnc aKsiążki aPublikacje fachowe aPublikacje dydaktyczne mPoziom nauczaniaaSzkoły wyższe a1901-2000 a1989-2000 aBibliogr. s. 276-277. 4aAnaliza finansowa aGospodarka, ekonomia, finanse 4aPodręczniki akademickie 4aFinanse przedsiębiorstwa 4aRachunek ekonomiczny2 aWydawnictwo Naukowe PWN4pbl.1 aJachna, TomaszeAutor uhttp://koha.tu.koszalin.pl/cgi-bin/koha/opac-detail.pl?biblionumber=24760yKatalog online BPK uhttp://libra.ibuk.pl/book/527yIBUK